[Event "French Top 12 2013"]
[Site "Haguenau FRA"]
[Date "2013.06.05"]
[Round "7.4"]
[White "Degraeve, Jean-Marc"]
[Black "Fressinet, Laurent"]
[Result "0-1"]
[WhiteTitle "GM"]
[BlackTitle "GM"]
[WhiteElo "2567"]
[BlackElo "2693"]
[WhiteTeam "Mulhouse Philidor"]
[BlackTeam "Clichy-Echecs-92"]
[WhiteFideId "600270"]
[BlackFideId "608742"]
[EventDate "2013.05.30"]

1. e4 d6 2. d4 g6 3. c4 Bg7 4. Nc3 Nf6 5. Nf3 O-O 6. h3 Na6 7. Be3 Qe8 8. a3 Nd7
9. Rc1 e5 10. dxe5 Nxe5 11. Be2 f5 12. Nxe5 Qxe5 13. exf5 gxf5 14. O-O f4 15.
Bd2 Qg5 16. b4 Bxh3 17. Bf3 c6 18. Re1 Qg6 19. Be4 Qg5 20. Bf3 Rad8 21. Re4 Nc7
22. Qe2 Rf7 23. g3 Rdf8 24. Kh1 Qh6 25. Bxf4 Rxf4 26. Rxf4 Bf1+ 0-1

[Event "French Top 12 2013"]
[Site "Haguenau FRA"]
[Date "2013.06.05"]
[Round "7.5"]
[White "Pelletier, Yannick"]
[Black "Gajewski, Grzegorz"]
[Result "1/2-1/2"]
[WhiteTitle "GM"]
[BlackTitle "GM"]
[WhiteElo "2599"]
[BlackElo "2653"]
[WhiteTeam "Clichy-Echecs-92"]
[BlackTeam "Mulhouse Philidor"]
[WhiteFideId "1301837"]
[BlackFideId "1116207"]
[EventDate "2013.05.30"]

1. Nf3 Nf6 2. c4 e6 3. g3 b6 4. Bg2 Bb7 5. O-O Be7 6. Nc3 O-O 7. Re1 c5 8. e4 d6
9. d4 cxd4 10. Nxd4 Qd7 11. b3 Nc6 12. Bb2 Rfd8 13. Nxc6 Bxc6 14. a4 Rab8 15.
Qe2 Bf8 16. Nb5 a6 17. Nd4 Ba8 18. Rad1 Qc7 19. h3 Nd7 20. Qe3 e5 21. Nf5 b5 22.
cxb5 axb5 23. axb5 Rxb5 24. Ba3 Nf6 25. Rd3 g6 26. Qg5 Ne8 27. Ne3 Be7 28. Qh6
Rdb8 29. b4 Qd8 30. h4 Nf6 31. Nd1 Rc8 32. Qd2 Rbb8 33. Nc3 Rc4 34. b5 Rbc8 35.
Bxd6 Bxd6 36. Rxd6 Qe7 37. Rd3 Qc5 38. Nd5 Bxd5 39. exd5 e4 40. Rde3 Rc2 41. Qd1
Nxd5 42. R3e2 Rxe2 1/2-1/2

[Event "French Top 12 2013"]
[Site "Haguenau FRA"]
[Date "2013.06.05"]
[Round "7.6"]
[White "Riff, Jean-Noel"]
[Black "Van Wely, Loek"]
[Result "0-1"]
[WhiteTitle "IM"]
[BlackTitle "GM"]
[WhiteElo "2458"]
[BlackElo "2689"]
[WhiteTeam "Mulhouse Philidor"]
[BlackTeam "Clichy-Echecs-92"]
[WhiteFideId "611190"]
[BlackFideId "1000268"]
[EventDate "2013.05.30"]

1. e4 c5 2. Nf3 e6 3. d4 cxd4 4. Nxd4 a6 5. Nc3 Qc7 6. Bd3 Nf6 7. Qe2 d6 8. O-O
g6 9. Kh1 Bg7 10. f4 O-O 11. Nf3 Nc6 12. Qf2 Ng4 13. Qe1 f5 14. exf5 gxf5 15.
Ng5 Rf6 16. h3 Rh6 17. Nd1 Bd7 18. Bd2 d5 19. c4 Re8 20. Bc3 d4 21. Bd2 e5 22.
fxe5 Bxe5 23. Nf2 Ne3 24. Bxe3 dxe3 25. Ng4 fxg4 26. Bxh7+ Rxh7 27. Nxh7 Kxh7
28. Qxe3 Bg7 0-1

[Event "French Top 12 2013"]
[Site "Haguenau FRA"]
[Date "2013.06.05"]
[Round "7.7"]
[White "Hamdouchi, Hicham"]
[Black "Shoker, Samy"]
[Result "1-0"]
[WhiteTitle "GM"]
[BlackTitle "IM"]
[WhiteElo "2602"]
[BlackElo "2469"]
[WhiteTeam "Clichy-Echecs-92"]
[BlackTeam "Mulhouse Philidor"]
[WhiteFideId "9000011"]
[BlackFideId "627143"]
[EventDate "2013.05.30"]

1. e4 d6 2. d4 Nf6 3. Nc3 g6 4. h3 a6 5. Be3 b5 6. e5 Nfd7 7. Qf3 Nb6 8. a4 bxa4
9. Nxa4 N8d7 10. e6 fxe6 11. Nxb6 Nxb6 12. Bd3 Rb8 13. Ne2 Nd5 14. Bd2 Bg7 15.
h4 Rf8 16. Qg3 Nb4 17. Bxb4 Rxb4 18. c3 Rxb2 19. h5 Bh6 20. hxg6 Bd2+ 21. Kd1
hxg6 22. Rb1 Bxc3 23. Bxg6+ Kd7 24. Qxc3 Rxb1+ 25. Bxb1 Rxf2 26. d5 Bb7 27. Be4
Qg8 28. Rh8 Qg4 29. Qc6+ 1-0

[Event "French Top 12 2013"]
[Site "Haguenau FRA"]
[Date "2013.06.05"]
[Round "7.8"]
[White "Choisy, Mathilde"]
[Black "Skripchenko, Almira"]
[Result "0-1"]
[WhiteTitle "WFM"]
[BlackTitle "IM"]
[WhiteElo "2166"]
[BlackElo "2430"]
[WhiteTeam "Mulhouse Philidor"]
[BlackTeam "Clichy-Echecs-92"]
[WhiteFideId "634565"]
[BlackFideId "13900145"]
[EventDate "2013.05.30"]

1. e4 g6 2. d4 Bg7 3. Nc3 c6 4. Nf3 d5 5. h3 Nh6 6. Bd3 f6 7. O-O Nf7 8. Re1 O-O
9. a4 e5 10. dxe5 fxe5 11. a5 d4 12. Nb1 Be6 13. Nbd2 Nd7 14. Bc4 Qf6 15. Bxe6
Qxe6 16. b3 Nd6 17. Ba3 c5 18. Qe2 h6 19. Reb1 b5 20. axb6 axb6 21. Ne1 Rac8 22.
Nd3 Kh7 23. Rf1 b5 24. Qg4 Qe7 25. Rae1 g5 26. g3 Nf6 27. Qd1 c4 28. bxc4 bxc4
29. Nb4 Qa7 30. Bc1 Qc5 31. Nd5 Nxd5 32. exd5 Ra8 33. Qg4 Qxd5 34. h4 gxh4 35.
Ne4 Nxe4 36. Rxe4 hxg3 37. f3 Ra6 38. Kg2 Ra2 39. Rh1 Rxc2+ 40. Kxg3 Qc6 41. Qh4
Qf6 0-1

[Event "French Top 12 2013"]
[Site "Haguenau FRA"]
[Date "2013.06.05"]
[Round "7.1"]
[White "Apicella, Manuel"]
[Black "Schlosser, Philipp"]
[Result "1/2-1/2"]
[WhiteTitle "GM"]
[BlackTitle "GM"]
[WhiteElo "2532"]
[BlackElo "2602"]
[WhiteTeam "Grasse Echecs"]
[BlackTeam "Bischwiller"]
[WhiteFideId "600164"]
[BlackFideId "4600169"]
[EventDate "2013.05.30"]

1. e4 e5 2. Nf3 Nc6 3. Bb5 a6 4. Ba4 Nf6 5. O-O Be7 6. Re1 b5 7. Bb3 d6 8. c3
O-O 9. h3 Nb8 10. d4 Nbd7 11. Nbd2 Bb7 12. Bc2 Re8 13. Nf1 Bf8 14. Ng3 g6 15. b3
Bg7 16. d5 Rc8 17. c4 c6 18. Rb1 Qc7 19. Bd3 Nc5 20. Bf1 a5 21. Bg5 b4 22. Qd2
Ra8 23. Nh2 Bc8 24. f3 h5 25. Red1 Ra6 26. Qe1 Kh7 27. Nh1 Kg8 28. Nf2 Ra8 29.
Qd2 Nb7 30. g4 hxg4 31. hxg4 c5 32. Bd3 Nh7 33. Be3 Qe7 34. g5 f6 1/2-1/2

[Event "French Top 12 2013"]
[Site "Haguenau FRA"]
[Date "2013.06.05"]
[Round "7.2"]
[White "Ragger, Markus"]
[Black "Szabo, Krisztian1"]
[Result "0-1"]
[WhiteTitle "GM"]
[BlackTitle "GM"]
[WhiteElo "2666"]
[BlackElo "2545"]
[WhiteTeam "Bischwiller"]
[BlackTeam "Grasse Echecs"]
[WhiteFideId "1610856"]
[BlackFideId "722901"]
[EventDate "2013.05.30"]

1. d4 Nf6 2. c4 g6 3. Nc3 Bg7 4. e4 d6 5. Nf3 O-O 6. Be2 e5 7. O-O Nc6 8. d5 Ne7
9. Ne1 Nd7 10. Nd3 f5 11. f3 f4 12. Bd2 g5 13. Rc1 Nf6 14. c5 Ng6 15. Nb5 Rf7
16. Ba5 b6 17. cxd6 cxd6 18. Be1 a6 19. Nc3 a5 20. Nf2 Bf8 21. Nb5 h5 22. Nh3
Ne8 23. Kh1 Rg7 24. Rc3 Bd7 25. a4 Nh8 26. Nf2 Nf7 27. h3 Nh6 28. Qc2 Rc8 29.
Na7 Rxc3 30. Qxc3 g4 31. fxg4 hxg4 32. hxg4 Nf6 33. Kg1 Nfxg4 34. Nxg4 Nxg4 35.
Bxg4 Bxg4 36. Nb5 Qg5 37. g3 Qh5 38. Qd2 Rh7 39. Qg2 f3 40. Qd2 Qh1+ 0-1

[Event "French Top 12 2013"]
[Site "Haguenau FRA"]
[Date "2013.06.05"]
[Round "7.3"]
[White "Battaglini, Gabriel"]
[Black "Volokitin, Andrei"]
[Result "0-1"]
[WhiteTitle "IM"]
[BlackTitle "GM"]
[WhiteElo "2437"]
[BlackElo "2687"]
[WhiteTeam "Grasse Echecs"]
[BlackTeam "Bischwiller"]
[WhiteFideId "621650"]
[BlackFideId "14107090"]
[EventDate "2013.05.30"]

1. d4 Nf6 2. c4 g6 3. Nc3 d5 4. Bg5 Ne4 5. Bh4 Nxc3 6. bxc3 dxc4 7. e3 Be6 8.
Nf3 c5 9. Be2 Bg7 10. O-O O-O 11. Rb1 cxd4 12. Nxd4 Bd5 13. Qc2 Qd7 14. Rfd1
Bxd4 15. e4 Be5 16. exd5 Qc7 17. g3 Na6 18. Bg5 Rfc8 19. Qe4 Qd6 20. Bxc4 Nc5
21. Qh4 Rc7 22. Re1 Na4 23. Re3 Bf6 24. Bxf6 exf6 25. Rbe1 Kg7 26. Qd4 Rd8 27.
Bb3 Nc5 28. Rd1 Re7 29. Rxe7 Qxe7 30. Kg2 b6 31. Ba4 Qe4+ 32. Qxe4 Nxe4 33. Rd3
f5 34. Bc6 Kf6 35. f3 Nd6 36. Kf2 Nc4 37. Rd4 Na5 38. Bb5 Ke5 39. f4+ Kd6 40. h4
Kc5 41. Bc6 b5 42. a4 a6 43. axb5 axb5 44. Rb4 Nxc6 45. dxc6 Rc8 46. h5 Rxc6 47.
Rb1 gxh5 48. Kg2 h4 49. gxh4 Kb6 50. Rb3 Rc4 51. Kg3 h5 52. Kf3 Kc5 53. Ke3 Re4+
54. Kf3 Ra4 55. Ke3 Kc4 56. Rb2 Ra3 57. Rg2 Kxc3 58. Rg5 b4 59. Rxf5 b3 60. Rc5+
Kb4 61. Rc8 b2+ 62. Kd2 Rb3 0-1

[Event "French Top 12 2013"]
[Site "Haguenau FRA"]
[Date "2013.06.05"]
[Round "7.4"]
[White "Le Roux, Jean-Pierre"]
[Black "Llanes Hurtado, Miguel"]
[Result "1/2-1/2"]
[WhiteTitle "GM"]
[BlackTitle "GM"]
[WhiteElo "2576"]
[BlackElo "2469"]
[WhiteTeam "Bischwiller"]
[BlackTeam "Grasse Echecs"]
[WhiteFideId "609404"]
[BlackFideId "2206706"]
[EventDate "2013.05.30"]

1. d4 Nf6 2. Nf3 d5 3. c4 e6 4. Bg5 Bb4+ 5. Nc3 Nbd7 6. cxd5 exd5 7. e3 c5 8.
Be2 Qa5 9. O-O Bxc3 10. bxc3 c4 11. Qc2 Ne4 12. Rfc1 Nxg5 13. Nxg5 Nf6 14. Rab1
O-O 15. Rb4 Re8 16. a4 Qc7 1/2-1/2

[Event "French Top 12 2013"]
[Site "Haguenau FRA"]
[Date "2013.06.05"]
[Round "7.6"]
[White "Bellahcene, Bilel"]
[Black "Nanu, Costica-Ciprian"]
[Result "0-1"]
[WhiteTitle "FM"]
[BlackTitle "GM"]
[WhiteElo "2355"]
[BlackElo "2519"]
[WhiteTeam "Bischwiller"]
[BlackTeam "Grasse Echecs"]
[WhiteFideId "696358"]
[BlackFideId "1204580"]
[EventDate "2013.05.30"]

1. d4 Nf6 2. c4 e6 3. Nf3 Bb4+ 4. Nbd2 O-O 5. a3 Bxd2+ 6. Qxd2 b6 7. g3 Ba6 8.
Qc2 d5 9. b3 Nbd7 10. Bg2 c5 11. cxd5 exd5 12. O-O Re8 13. Re1 Rc8 14. Qb2 c4
15. bxc4 dxc4 16. Nh4 Nf8 17. Bd2 Ne4 18. Bc3 Qd7 19. Rad1 Ng6 20. Bxe4 Rxe4 21.
Ng2 f5 22. d5 Bb7 23. f3 Re7 24. h4 Rf7 25. d6 h5 26. Rd4 f4 27. Qc2 fxg3 28.
Qxg6 Qh3 29. Qxf7+ Kxf7 30. Rf4+ Kg8 31. Bd4 Rd8 32. Kf1 Rxd6 33. Bg1 c3 34. Rc4
Bxf3 0-1

[Event "French Top 12 2013"]
[Site "Haguenau FRA"]
[Date "2013.06.05"]
[Round "7.8"]
[White "Fischer, Julie"]
[Black "Draillard, Margot"]
[Result "1-0"]
[WhiteElo "1895"]
[BlackElo "1853"]
[WhiteTeam "Bischwiller"]
[BlackTeam "Grasse Echecs"]
[WhiteFideId "699969"]
[BlackFideId "699330"]
[EventDate "2013.05.30"]

1. e4 e6 2. d3 d5 3. Nd2 Nf6 4. Ngf3 b6 5. c3 a5 6. Qa4+ Bd7 7. Qc2 dxe4 8. dxe4
Bc5 9. e5 Nd5 10. Ne4 Be7 11. Be2 Na6 12. a3 c5 13. c4 Ndc7 14. Nd6+ Kf8 15. Ne4
Bc6 16. O-O Qc8 17. Bg5 Bxg5 18. Nfxg5 h6 19. Nd6 Qb8 20. Ngxf7 Rg8 21. Qd2 Ke7
22. Bh5 Ne8 23. Rad1 Qc7 24. Qf4 Nxd6 25. exd6+ 1-0

[Event "French Top 12 2013"]
[Site "Haguenau FRA"]
[Date "2013.06.05"]
[Round "7.1"]
[White "Istratescu, Andrei"]
[Black "Edouard, Romain"]
[Result "1/2-1/2"]
[WhiteTitle "GM"]
[BlackTitle "GM"]
[WhiteElo "2651"]
[BlackElo "2659"]
[WhiteTeam "Marseille Echecs"]
[BlackTeam "L'Echiquier Chalonnais"]
[WhiteFideId "1200372"]
[BlackFideId "633429"]
[EventDate "2013.05.30"]

1. d4 Nf6 2. c4 e6 3. Nc3 Bb4 4. e3 O-O 5. Bd3 c5 6. Nf3 b6 7. O-O Bb7 8. Na4
cxd4 9. exd4 Re8 10. a3 Bf8 11. b4 d6 12. Bb2 Nbd7 13. Re1 a5 14. Nc3 axb4 15.
axb4 Rxa1 16. Bxa1 e5 1/2-1/2

[Event "French Top 12 2013"]
[Site "Haguenau FRA"]
[Date "2013.06.05"]
[Round "7.2"]
[White "Krasenkow, Michal"]
[Black "Bacrot, Etienne"]
[Result "1/2-1/2"]
[WhiteTitle "GM"]
[BlackTitle "GM"]
[WhiteElo "2642"]
[BlackElo "2725"]
[WhiteTeam "L'Echiquier Chalonnais"]
[BlackTeam "Marseille Echecs"]
[WhiteFideId "1113100"]
[BlackFideId "605506"]
[EventDate "2013.05.30"]

1. d4 d5 2. c4 e6 3. Nc3 Be7 4. Nf3 Nf6 5. Bg5 h6 6. Bxf6 Bxf6 7. e3 O-O 8. Rc1
c6 9. Bd3 Nd7 10. O-O dxc4 11. Bxc4 1/2-1/2

[Event "French Top 12 2013"]
[Site "Haguenau FRA"]
[Date "2013.06.05"]
[Round "7.3"]
[White "Miton, Kamil"]
[Black "David, Alberto"]
[Result "1/2-1/2"]
[WhiteTitle "GM"]
[BlackTitle "GM"]
[WhiteElo "2624"]
[BlackElo "2584"]
[WhiteTeam "Marseille Echecs"]
[BlackTeam "L'Echiquier Chalonnais"]
[WhiteFideId "1111914"]
[BlackFideId "4000013"]
[EventDate "2013.05.30"]

1. d4 Nf6 2. Nf3 e6 3. c4 b6 4. g3 Ba6 5. Qb3 c6 6. Bg5 Be7 7. Nbd2 d5 8. Bg2
O-O 9. O-O Nbd7 10. Rfe1 Bb7 11. Rac1 c5 12. Red1 h6 13. Bxf6 Nxf6 14. cxd5 Bxd5
15. Nc4 Qb8 16. dxc5 Bxc5 17. Ne1 b5 18. Bxd5 Nxd5 19. Nd2 Qb6 20. Nd3 Be3 21.
Ra1 Bxd2 22. Rxd2 Rac8 23. Rc2 Rxc2 24. Qxc2 Qa6 25. a4 Rc8 26. Qb3 bxa4 27.
Qxa4 Qxa4 28. Rxa4 Rc7 29. Kf1 Kf8 30. Ke1 Ke8 31. Kd2 Nb6 32. Ra1 1/2-1/2

[Event "French Top 12 2013"]
[Site "Haguenau FRA"]
[Date "2013.06.05"]
[Round "7.4"]
[White "Sokolov, Ivan"]
[Black "Gozzoli, Yannick"]
[Result "1-0"]
[WhiteTitle "GM"]
[BlackTitle "GM"]
[WhiteElo "2642"]
[BlackElo "2530"]
[WhiteTeam "L'Echiquier Chalonnais"]
[BlackTeam "Marseille Echecs"]
[WhiteFideId "14400030"]
[BlackFideId "616915"]
[EventDate "2013.05.30"]

1. d4 Nf6 2. c4 e6 3. Nc3 Bb4 4. e3 O-O 5. Bd3 c5 6. Nf3 b6 7. Bd2 cxd4 8. Nxd4
Bb7 9. a3 Be7 10. O-O Nc6 11. Nf3 Ng4 12. Be2 Rc8 13. Be1 a6 14. Nd2 Nf6 15. Rc1
Ne5 16. f4 Ng6 17. e4 Bc5+ 18. Kh1 Be3 19. e5 Nxf4 20. Bf3 Ng4 21. Bxb7 Nxh2 22.
Kxh2 Qg5 23. Rxf4 Qxf4+ 24. g3 Qh6+ 25. Kg2 Rc5 26. Rc2 Rxe5 27. Nf3 Rh5 28. Bd2
Bxd2 29. Rxd2 Qg6 30. Rxd7 1-0

[Event "French Top 12 2013"]
[Site "Haguenau FRA"]
[Date "2013.06.05"]
[Round "7.7"]
[White "Collas, Didier"]
[Black "Vernay, Clovis"]
[Result "1/2-1/2"]
[WhiteTitle "IM"]
[BlackTitle "IM"]
[WhiteElo "2394"]
[BlackElo "2434"]
[WhiteTeam "Marseille Echecs"]
[BlackTeam "L'Echiquier Chalonnais"]
[WhiteFideId "602680"]
[BlackFideId "633046"]
[EventDate "2013.05.30"]

1. d4 d5 2. c4 c6 3. Nc3 Nf6 4. e3 Bf5 5. cxd5 cxd5 6. Qb3 Bc8 7. f4 e6 8. Nf3
Be7 9. Bd3 Nc6 10. Ne5 O-O 11. O-O g6 12. Bd2 Nd7 13. Rac1 Ndxe5 14. fxe5 Bd7
15. Qd1 f6 1/2-1/2

[Event "French Top 12 2013"]
[Site "Haguenau FRA"]
[Date "2013.06.05"]
[Round "7.8"]
[White "Benmesbah, Natacha"]
[Black "Malassagne, Isabelle"]
[Result "1-0"]
[WhiteTitle "WIM"]
[WhiteElo "2237"]
[BlackElo "1985"]
[WhiteTeam "L'Echiquier Chalonnais"]
[BlackTeam "Marseille Echecs"]
[WhiteFideId "642002"]
[BlackFideId "20670265"]
[EventDate "2013.05.30"]

1. e4 e5 2. Nf3 Nc6 3. Bc4 Bc5 4. d3 Nf6 5. O-O a6 6. Nbd2 O-O 7. h3 d6 8. c3
Ba7 9. Bb3 Ne7 10. Re1 Ng6 11. Nf1 Re8 12. Ng3 Be6 13. Ng5 Bxb3 14. Qxb3 Qd7 15.
Be3 a5 16. d4 a4 17. Qc2 Qb5 18. Nf3 Bb6 19. Rad1 Ba5 20. Bg5 Nd7 21. Nf5 exd4
22. N5xd4 Qc4 23. Nd2 Qc5 24. Nf5 Nde5 25. Be3 Qb5 26. b4 axb3 27. axb3 Qd3 28.
Rc1 Ra6 29. f4 Qxc2 30. Rxc2 Nd3 31. Rf1 d5 32. b4 Bb6 33. b5 Rxe4 34. Nxe4
Bxe3+ 35. Nxe3 Re6 36. Rd2 Rxe4 37. Rxd3 1-0

[Event "French Top 12 2013"]
[Site "Haguenau FRA"]
[Date "2013.06.05"]
[Round "7.1"]
[White "Vaisser, Anatoly"]
[Black "Postny, Evgeny"]
[Result "1/2-1/2"]
[WhiteTitle "GM"]
[BlackTitle "GM"]
[WhiteElo "2548"]
[BlackElo "2637"]
[WhiteTeam "C.E. Strasbourg"]
[BlackTeam "Club d'Echecs Metz Fischer"]
[WhiteFideId "603252"]
[BlackFideId "2804344"]
[EventDate "2013.05.30"]

1. c4 Nf6 2. d4 e6 3. Nc3 Bb4 4. e3 d5 5. a3 Bxc3+ 6. bxc3 O-O 7. cxd5 exd5 8.
Bd3 c5 9. Ne2 b6 10. O-O Ba6 11. f3 Re8 12. dxc5 bxc5 13. Bxa6 Nxa6 14. c4 dxc4
15. e4 Qd3 16. Ra2 Rad8 17. Qe1 Nc7 18. Bg5 Ne6 19. Bxf6 gxf6 20. Qc1 Qb3 21.
Rc2 Nd4 22. Nxd4 cxd4 23. Rxc4 d3 24. Rb4 Qe6 25. Qd2 f5 26. Re1 Qd6 27. Qg5+
Qg6 28. Qxg6+ hxg6 29. Rd1 d2 30. Kf2 fxe4 31. fxe4 Rd3 32. Ra4 Rd7 33. Ke2 Red8
34. Rc4 Kg7 35. Rc2 Re8 36. Rdxd2 Rxe4+ 37. Kf3 Rde7 38. Re2 Rxe2 39. Rxe2 Rc7
40. h4 Rc4 1/2-1/2

[Event "French Top 12 2013"]
[Site "Haguenau FRA"]
[Date "2013.06.05"]
[Round "7.3"]
[White "Rozentalis, Eduardas"]
[Black "Wirig, Anthony"]
[Result "1-0"]
[WhiteTitle "GM"]
[BlackTitle "GM"]
[WhiteElo "2611"]
[BlackElo "2498"]
[WhiteTeam "C.E. Strasbourg"]
[BlackTeam "Club d'Echecs Metz Fischer"]
[WhiteFideId "12800023"]
[BlackFideId "615013"]
[EventDate "2013.05.30"]

1. e4 c5 2. Nf3 Nc6 3. Bb5 Nf6 4. e5 Ng4 5. Qe2 g6 6. Bxc6 dxc6 7. Nc3 Bg7 8. d3
h5 9. h3 Nh6 10. Ne4 b6 11. Bf4 Nf5 12. c3 Be6 13. Neg5 Qd5 14. O-O Bh6 15. Nxe6
fxe6 16. Bxh6 Nxh6 17. Qe4 Qxe4 18. dxe4 Nf7 19. h4 O-O-O 20. Rfd1 c4 21. Kf1 c5
22. Ke2 Kc7 23. Rxd8 Rxd8 24. Rg1 b5 25. g4 hxg4 26. Rxg4 Rg8 27. Rf4 Nd8 28.
Ng5 Kd7 29. Rg4 Nc6 30. f4 Rh8 31. Nf3 Rh6 32. Rg1 a6 33. Kf2 b4 34. Rd1+ Kc7
35. Kg3 b3 36. Ng5 bxa2 37. Ra1 Nb4 38. cxb4 cxb4 39. Rxa2 Kb6 40. Nxe6 a5 41.
f5 gxf5 42. exf5 b3 43. Ra1 Kb5 44. Nd4+ Kb4 45. Ne2 Ra6 46. Nc3 a4 47. Ra3 1-0

[Event "French Top 12 2013"]
[Site "Haguenau FRA"]
[Date "2013.06.05"]
[Round "7.4"]
[White "Svetushkin, Dmitry"]
[Black "Kallai, Gabor"]
[Result "1-0"]
[WhiteTitle "GM"]
[BlackTitle "GM"]
[WhiteElo "2588"]
[BlackElo "2473"]
[WhiteTeam "Club d'Echecs Metz Fischer"]
[BlackTeam "C.E. Strasbourg"]
[WhiteFideId "13900463"]
[BlackFideId "700282"]
[EventDate "2013.05.30"]

1. e4 c5 2. Nf3 g6 3. c4 Nc6 4. d4 cxd4 5. Nxd4 Nf6 6. Nc3 d6 7. f3 Nxd4 8. Qxd4
Bg7 9. Be3 O-O 10. Qd2 Be6 11. Rc1 a5 12. b3 Nd7 13. Be2 Nc5 14. O-O Qb6 15. Nd5
Bxd5 16. cxd5 Qb4 17. Rfd1 Rfc8 18. Rc4 Qxd2 19. Rxd2 b5 20. Rc1 b4 21. Bb5 Bc3
22. Rdc2 a4 23. bxa4 Nxa4 24. Bc6 Ra5 25. Kf1 Nc5 26. Ke2 Rc7 27. Rb1 e6 28. Bf4
e5 29. Bg5 f5 30. Bd8 Rca7 31. Bxa5 Rxa5 32. exf5 gxf5 33. a4 Kf7 34. Kd1 Kf6
35. Rxc3 bxc3 36. Kc2 Ra6 37. Ra1 Ne6 38. Kxc3 Nd4 39. a5 Nxc6 40. dxc6 Rxc6+
41. Kb4 Ra6 42. Kb5 Ra8 43. Kc6 Ke6 44. a6 Rc8+ 45. Kb7 Rc2 46. a7 1-0

[Event "French Top 12 2013"]
[Site "Haguenau FRA"]
[Date "2013.06.05"]
[Round "7.5"]
[White "Vitoux, Colomban"]
[Black "Terrieux, Kevin"]
[Result "1-0"]
[WhiteTitle "IM"]
[BlackTitle "IM"]
[WhiteElo "2388"]
[BlackElo "2427"]
[WhiteTeam "C.E. Strasbourg"]
[BlackTeam "Club d'Echecs Metz Fischer"]
[WhiteFideId "628549"]
[BlackFideId "622591"]
[EventDate "2013.05.30"]

1. e4 e5 2. Nf3 Nc6 3. Bc4 Nf6 4. d3 Bc5 5. c3 O-O 6. O-O d5 7. exd5 Nxd5 8. b4
Be7 9. b5 Na5 10. Bxd5 Qxd5 11. c4 Qd8 12. Bd2 b6 13. Nxe5 Bf6 14. Bxa5 bxa5 15.
d4 Bxe5 16. dxe5 Be6 17. Qe2 Qd4 18. Nd2 Rfd8 19. Nf3 Qxc4 20. Qxc4 Bxc4 21.
Rfc1 Bxb5 22. Rxc7 Rd5 23. Rac1 h6 24. h3 Be2 25. Re7 Rd1+ 26. Rxd1 Bxd1 27. Nd4
Ba4 28. Nf5 Re8 29. Rxe8+ Bxe8 30. f4 Bd7 31. Nd4 g5 32. f5 f6 33. e6 Be8 34.
Kf2 Kf8 35. Ke3 Ke7 36. Ne2 h5 37. Nc3 Bc6 38. g3 Bg2 39. h4 Bh3 40. Nd5+ Kd6
41. e7 Kd7 42. Ke4 Bg2+ 43. Kd4 Bh3 44. hxg5 fxg5 45. Ke5 h4 46. f6 Be6 47.
e8=Q+ Kxe8 48. Kxe6 1-0

[Event "French Top 12 2013"]
[Site "Haguenau FRA"]
[Date "2013.06.05"]
[Round "7.6"]
[White "Taddei, Benoit"]
[Black "Roos, Louis"]
[Result "1-0"]
[WhiteTitle "FM"]
[BlackTitle "IM"]
[WhiteElo "2374"]
[BlackElo "2373"]
[WhiteTeam "Club d'Echecs Metz Fischer"]
[BlackTeam "C.E. Strasbourg"]
[WhiteFideId "610151"]
[BlackFideId "600288"]
[EventDate "2013.05.30"]

1. e4 g6 2. d4 Bg7 3. c4 d6 4. Nc3 e5 5. dxe5 dxe5 6. Qxd8+ Kxd8 7. f4 Nc6 8.
Nf3 Nd4 9. Kf2 Nxf3 10. gxf3 Be6 11. Be3 Ne7 12. Rd1+ Kc8 13. Nd5 Re8 14. fxe5
Bxe5 15. b3 c6 16. Nf4 Bd7 17. Nd3 Bd6 18. h4 h5 19. Nc5 Bxc5 20. Bxc5 b6 21.
Bd6 c5 22. b4 cxb4 23. Bxb4 Nc6 24. Bd2 Kb7 25. Bg5 Be6 26. Rd2 Rac8 27. c5 bxc5
28. Bb5 Rc7 29. Rb1 Rd7 30. Rc2 Kc7 31. Rxc5 Rd6 32. Bf4 1-0

[Event "French Top 12 2013"]
[Site "Haguenau FRA"]
[Date "2013.06.05"]
[Round "7.7"]
[White "Roos, Daniel"]
[Black "Koch, Jean-Rene"]
[Result "1/2-1/2"]
[WhiteTitle "IM"]
[BlackTitle "IM"]
[WhiteElo "2347"]
[BlackElo "2473"]
[WhiteTeam "C.E. Strasbourg"]
[BlackTeam "Club d'Echecs Metz Fischer"]
[WhiteFideId "600253"]
[BlackFideId "600148"]
[EventDate "2013.05.30"]

1. Nf3 f5 2. g3 Nf6 3. Bg2 g6 4. d3 Bg7 5. O-O d6 6. c4 O-O 7. Nc3 e5 8. c5 h6
9. cxd6 cxd6 10. Qa4 Nc6 11. Bd2 Be6 12. Rac1 d5 13. e3 g5 14. Ne2 Qe8 15. Bb4
Rf7 16. Bc3 Nd7 17. Rfd1 Ne7 18. d4 e4 19. Ne5 Nxe5 20. Qxe8+ Rxe8 21. dxe5 Nc6
22. f4 exf3 23. Bxf3 Rd7 24. Nd4 Nxe5 25. Bg2 Kf7 26. Nxe6 Kxe6 27. Bd4 Bf8 28.
Bxa7 Ra8 29. Bd4 Nc6 30. a3 Nxd4 31. Rxd4 Ra5 32. Rd3 Rc5 33. Rcd1 Bg7 34. b4
Rc3 35. Rxd5 Rxd5 36. Bxd5+ Ke7 37. Bxb7 Rxa3 38. Bc8 Rxe3 39. Rd7+ Kf8 40. b5
Rb3 41. Rd5 f4 42. gxf4 gxf4 43. Rf5+ Ke7 44. Rxf4 1/2-1/2

[Event "French Top 12 2013"]
[Site "Haguenau FRA"]
[Date "2013.06.06"]
[Round "8.1"]
[White "Edouard, Romain"]
[Black "Vaisser, Anatoly"]
[Result "1/2-1/2"]
[WhiteTitle "GM"]
[BlackTitle "GM"]
[WhiteElo "2659"]
[BlackElo "2548"]
[WhiteTeam "L'Echiquier Chalonnais"]
[BlackTeam "C.E. Strasbourg"]
[WhiteFideId "633429"]
[BlackFideId "603252"]
[EventDate "2013.05.30"]

1. c4 f5 2. Nf3 Nf6 3. g3 g6 4. Bg2 Bg7 5. O-O d6 6. d4 O-O 7. Nc3 c6 8. Qc2 Na6
9. Bd2 Qc7 10. e4 e5 11. c5 exd4 12. cxd6 Qd8 13. e5 dxc3 14. Bg5 cxb2 15. Rad1
Be6 16. Nd4 Qd7 17. exf6 Bxf6 18. Bxf6 Rxf6 19. Qxb2 Raf8 20. Rfe1 Nc5 21. Qa3
Ne4 22. f3 Ng5 23. Nxe6 Rxe6 24. Rxe6 Qxe6 25. Qxa7 Qe2 26. Qa4 Qe3+ 27. Kh1 Rd8
28. Qc4+ Qe6 29. Qb4 Nf7 30. Re1 Qxa2 31. Qxb7 Rxd6 32. f4 Qd2 33. Re8+ Kg7 34.
h4 Rd7 35. Qxc6 Nh6 36. Qc5 Qd1+ 37. Kh2 Ng4+ 38. Kh3 Kh6 39. Re7 Rd2 40. Rxh7+
Kxh7 41. Qe7+ 1/2-1/2